Lecciones de árabe marroquí / (Record no. 141422)

MARC details
000 -LEADER
campo de control de longitud fija 00951nam a2200253 i 4500
001 - NÚMERO DE CONTROL
campo de control 141422
003 - IDENTIFICADOR DE NÚMERO DE CONTROL
campo de control ES-MaACL
005 - FECHA Y HORA DE LA ÚLTIMA TRANSACCIÓN
campo de control 20260127145616.0
007 - CAMPO FIJO DE DESCRIPCIÓN FÍSICA--INFORMACIÓN GENERAL
campo de control de longitud fija t|
008 - DATOS DE LONGITUD FIJA--INFORMACIÓN GENERAL
campo de control de longitud fija 070924s1911 sp ||||1| spa d
100 1# - ENTRADA PRINCIPAL--NOMBRE DE PERSONA
Nombre de persona Vizuete y Picón, Pelayo,
Fechas asociadas al nombre 1872-1933
9 (RLIN) 115626
245 10 - MENCIÓN DEL TÍTULO
Título Lecciones de árabe marroquí /
Mención de responsabilidad, etc. por Pelayo Vizuete.
260 ## - PUBLICACIÓN, DISTRIBUCIÓN, ETC.
Lugar de publicación, distribución, etc. Barcelona :
Nombre del editor, distribuidor, etc. Sucesores de Manuel Soler,
Fecha de publicación, distribución, etc. [1911] (
Fabricante Imp. de Domingo Clarasó)
300 ## - DESCRIPCIÓN FÍSICA
Extensión 362 p. ;
Dimensiones 20 cm.
505 8# - NOTA DE CONTENIDO CON FORMATO
Nota de contenido con formato Contiene: Vocabulario marroquí-castellano . Vocabulario castellano-marroquí
530 ## - NOTA DISPONIBLE DE FORMULARIO FÍSICO ADICIONAL
Nota de formato físico adicional disponible Disponible en formato digital.
596 ## - NOTA AL PIE DE IMPRENTA
NOTA AL PIE DE IMPRENTA Fecha tomada de Palau.
650 ## - PUNTO DE ACCESO ADICIONAL DE MATERIA--TÉRMINO DE MATERIA
Término de materia o nombre geográfico como elemento de entrada Lengua árabe-
Subdivisión geográfica Marruecos.
9 (RLIN) 173558
852 ## - LOCALIZACIÓN
Ubicación ES-MaACL
Número de control de estantería F-209
Ubicación en estantería Depósito 2
Encuadernación Encuadernación en piel
852 ## - LOCALIZACIÓN
Ubicación ES-MaACL
Número de control de estantería A-5322
Ubicación en estantería Sala Pecera Planta 1
856 4# - LOCALIZACIÓN Y ACCESO ELECTRÓNICOS
Identificador Uniforme de Recursos <a href="http://bdh-rd.bne.es/viewer.vm?id=0000172422&page=1 ">http://bdh-rd.bne.es/viewer.vm?id=0000172422&page=1 </a>
Texto de enlace Biblioteca Digital Hispánica
942 ## - ELEMENTOS DE ENTRADA SECUNDARIOS (KOHA)
Fuente del sistema de clasificación o colocación Clasificación decimal universal
Holdings
Estatus retirado Estado de pérdida Estado de daño No para préstamo Colección Biblioteca de origen Biblioteca actual Ubicación en estantería Fecha de adquisición Fuente de adquisición Total de préstamos Signatura topográfica completa Código de barras Visto por última vez Precio de reemplazo Tipo de ítem Koha
        Colección digital Biblioteca del Ateneo de Madrid Biblioteca del Ateneo de Madrid Sala Pecera Planta 1 17/01/2008     A-5322 1147154 23/02/2023 23/02/2023 Libro impreso
        Colección digital Biblioteca del Ateneo de Madrid Biblioteca del Ateneo de Madrid Depósito 2 17/01/2008     F-209 1147153 23/02/2023 23/02/2023 Libro impreso